| 000 | 01771cam a22005174i 4500 | ||
|---|---|---|---|
| 003 | PE-LiUPU | ||
| 005 | 20250731180136.0 | ||
| 008 | 150625s r 000 0 d | ||
| 020 | _a9786034003347 | ||
| 035 | _a(Sirsi) i9786034003347 | ||
| 040 |
_aPE-LiUPU _bspa _cPE-LiUPU _erda |
||
| 049 | _aPRUA | ||
| 082 | 0 | 4 |
_a591.03 _bE31 _221 |
| 110 | 2 | _aNational Geographic Society (Estados Unidos) | |
| 245 | 1 | 0 |
_aEnciclopedia de los animales : _bpeces III. _n15 / _c[equipo liderado por Gilbert M. Grosvenor]. |
| 264 | 1 |
_aLima : _bPunto y Coma (Lima: El Comercio), _c2007. |
|
| 300 |
_apaginación variada : _bilustraciones, col. ; _c29 centímetros |
||
| 336 |
_atext _2rdacontent |
||
| 337 |
_aunmediated _2rdamedia |
||
| 338 |
_avolume _2rdacarrier |
||
| 500 | _aEl Comercio. Enciclopedia de los Animales National Geographic. | ||
| 505 | 0 | _aBacalado, rape y afines. -Peces de radios espinosos. | |
| 526 | _aSEG44 | ||
| 526 | _aSEG26 | ||
| 526 | _aP159 | ||
| 526 | _aP155 | ||
| 526 | _aP154 | ||
| 526 | _aP153 | ||
| 526 | _aP150 | ||
| 526 | _aP100 | ||
| 526 | _aP31 | ||
| 526 | _aP30 | ||
| 526 | _aP26 | ||
| 526 | _aP25 | ||
| 526 | _aP24 | ||
| 526 | _aP22 | ||
| 526 | _aP15 | ||
| 526 | _aP10 | ||
| 650 | 0 | 4 |
_aPeces _vEnciclopedias. |
| 942 |
_2ddc _cBOOK |
||
| 949 |
_a591.03 E31 15 _wDEWEY _c1 _i57935 _lCCODEBUL1 _mBUL _p13.00 _r0 _sY _tBOOK _u2015-6-25 _xEDUCACION _zUNKNOWN _0COMPRA _o.STAFF. Colección General |
||
| 994 |
_aC0 _bPEPRU |
||
| 596 | _a1 | ||
| 999 |
_a591.03 E31 15 _wDEWEY _c46920 _i57935 _d46920 _f2021-11-8 _g5 _lCCODEBUL1 _mBUL _p13.00 _q2 _r0 _sY _tBOOK _u2015-6-25 _xEDUCACION _zUNKNOWN _0COMPRA _o.STAFF. Colección General |
||
| 980 |
_81 _gALBERTO SANCHEZ Responsable de Automatización |
||